000 00519nam a2200193Ia 4500
008 131103s9999 xx 000 0 und d
040 _aLoreto College
041 _aEnglish
082 _a370.15/RYB
_bLCLIB/12453
100 _aRyburn, W. M.
245 _aIntroduction to educational psychology
_cW. M. Ryburn
260 _aCalcutta
_bO.U.P.
_c1965
300 _a296p
_c 18cm
504 _aIncludes index
650 _aEducational Psychology
651 _aPsychology
850 _aLCLIB/370.15/RYB
942 _cBK
999 _c24801
_d75280